00759 a2200169 45000010006000000050017000060080041000230030015000640400040000790800085001192450093002040200018002972640079003153000018003945050148004121000029005604316220260407155715.0260407a2005 arg spa dAR-UNSa-BCEJYS aAR-UNSa-BCEJYSbspacAR-UNSa-BCEJYS a342.4xConstituciones. Asambleas legislativas. Asambleas nacionales (Reforma...)10aTextos completos de la Constitución Nacional y de la Provincia de Buenos Aires de 1949 a950-34-0345-6 1aLa Plata :b(EDULP) Editorial de la Universidad Nacional de la Platac2005 a99 p.c21 cm. a1. Introducción - 2. La constitucionalismo social - 3. Constitución de la Nación Argentina - 4. Constitución del estado de Buenos Aires1 aMoreno, Guillermo Raúl